| 000 | 00592ngm a2200169 a 4500 | ||
|---|---|---|---|
| 005 | 20251002063909.0 | ||
| 008 | 010907s2000 mx 006 aaspa d | ||
| 035 | _aUPN01000111046 | ||
| 049 | _aAV | ||
| 050 | 4 | _aPVI Q 1110 | |
| 245 | 0 | 0 | _aColor. |
| 260 |
_aMéxico : _bPelículas Ebesa [distribuidor], _c[198-?]. |
||
| 300 |
_a1 videocasete (VHS) (6 min.) : _bson., col. |
||
| 520 | _aEn esta película los niños exploran nuevas maravillas del color en la naturaleza, en los pigmentos, en madera, en tela, en arcilla y otros materiales | ||
| 650 | 2 |
_aColor _98957 |
|
| 905 | _aAudiovisuales | ||
| 999 |
_c84955 _d84955 |
||